| 000 | 00448nam a2200181Ia 4500 | ||
|---|---|---|---|
| 001 | 28507 | ||
| 008 | 140415s9999 xx 000 0 und d | ||
| 020 | _a0-436-24595-7 | ||
| 040 | _cPK-LaUMT | ||
| 082 |
_a 305.898 _bLEW-M |
||
| 100 | _aNorman Lewis | ||
| 245 | 4 |
_aThe missionaries _cNorman Lewis |
|
| 260 |
_aLondon,UK: _bSheed & Ward, _c1988 |
||
| 300 | _a244 p. | ||
| 546 | _aEN | ||
| 650 | _aCultural conflict-Central America | ||
| 942 | _cBK | ||
| 999 |
_c28635 _d28635 |
||